<?xml version="1.0" encoding="UTF-8"?>
<record
    xmlns:xsi="http://www.w3.org/2001/XMLSchema-instance"
    xsi:schemaLocation="http://www.loc.gov/MARC21/slim http://www.loc.gov/standards/marcxml/schema/MARC21slim.xsd"
    xmlns="http://www.loc.gov/MARC21/slim">

  <leader>02293cam a2200301 a 4500</leader>
  <controlfield tag="001">2127988</controlfield>
  <controlfield tag="005">20210414114027.0</controlfield>
  <controlfield tag="008">980213s1998    txua     b    001 0 eng  </controlfield>
  <datafield tag="010" ind1=" " ind2=" ">
    <subfield code="a">   97065089 </subfield>
  </datafield>
  <datafield tag="020" ind1=" " ind2=" ">
    <subfield code="a">0030204836</subfield>
  </datafield>
  <datafield tag="040" ind1=" " ind2=" ">
    <subfield code="a">DLC</subfield>
    <subfield code="c">DLC</subfield>
    <subfield code="d">DLC</subfield>
  </datafield>
  <datafield tag="050" ind1="0" ind2="0">
    <subfield code="a">HF5635.P853  </subfield>
  </datafield>
  <datafield tag="082" ind1="0" ind2="0">
    <subfield code="a">657</subfield>
    <subfield code="2">21</subfield>
  </datafield>
  <datafield tag="100" ind1="1" ind2=" ">
    <subfield code="a">Porter, Gary A.,</subfield>
    <subfield code="d">1950-</subfield>
  </datafield>
  <datafield tag="245" ind1="1" ind2="0">
    <subfield code="a">Financial accounting : the impact on decision makers. /</subfield>
    <subfield code="c">Gary A. Porter, Curtis L. Norton.</subfield>
  </datafield>
  <datafield tag="250" ind1=" " ind2=" ">
    <subfield code="a">2nd ed.</subfield>
  </datafield>
  <datafield tag="260" ind1=" " ind2=" ">
    <subfield code="a">Fort Worth, TX :</subfield>
    <subfield code="b">Dryden Press,</subfield>
    <subfield code="c">c1998.</subfield>
  </datafield>
  <datafield tag="300" ind1=" " ind2=" ">
    <subfield code="a">xviii, 797 + various pagings :</subfield>
    <subfield code="b">col. ill. ;</subfield>
    <subfield code="c">29 cm.</subfield>
  </datafield>
  <datafield tag="440" ind1=" " ind2="4">
    <subfield code="a">The Dryden Press series in accounting</subfield>
  </datafield>
  <datafield tag="504" ind1=" " ind2=" ">
    <subfield code="a">Includes bibliographical references and indexes.</subfield>
  </datafield>
  <datafield tag="505" ind1=" " ind2=" ">
    <subfield code="a">Contents: The Accounting model: Accounting as a form of communication -- Financial statements and the annual report -- Processing accounting information -- Income measurement and accrual accounting -- Appendix 4 A: Accounting tools: work sheets and reversing entries -- Accounting for assets: Merchandise accounting and internal control -- Appendix 5 A: Accounting tools: Internal control for a merchanising company -- Inventories and cost of goods sold -- Appendix 6 A: Accounting tools: inventory costing methods with the use of a perpetual inventory system -- Cash and receivables -- Operating assets: property, plant and equipment, natural resources and intangibles -- Accounting for liabilities and owners equity: Current liabilities, contingent liabilities and the time value of money -- Appendix 9 A: Accounting tools: payroll accounting -- Long-term liabilities -- Stockholders' equity -- Appendix 11 A: Unincorporated businesses -- Analysis of retained earnings and stockholders' equity -- Additional topics in financial reporting: Additional reporting issues: Intercompany investments and foreign curency -- The Statement of cash flows -- Appendix 14 A: A Work-sheet approach to the statement of cash flows -- Financial statement analysis.</subfield>
  </datafield>
  <datafield tag="650" ind1=" " ind2="0">
    <subfield code="a">Accounting.</subfield>
  </datafield>
  <datafield tag="700" ind1="1" ind2=" ">
    <subfield code="a">Norton, Curtis L.</subfield>
  </datafield>
  <datafield tag="856" ind1="7" ind2=" ">
    <subfield code="3">Table of contents</subfield>
    <subfield code="u">http://lcweb.loc.gov/catdir/toc/97-65089.html</subfield>
    <subfield code="2">http</subfield>
  </datafield>
  <datafield tag="906" ind1=" " ind2=" ">
    <subfield code="a">7</subfield>
    <subfield code="b">cbc</subfield>
    <subfield code="c">orignew</subfield>
    <subfield code="d">2</subfield>
    <subfield code="e">opcn</subfield>
    <subfield code="f">19</subfield>
    <subfield code="g">y-gencatlg</subfield>
  </datafield>
  <datafield tag="942" ind1=" " ind2=" ">
    <subfield code="2">lcc</subfield>
    <subfield code="c">BK</subfield>
  </datafield>
  <datafield tag="999" ind1=" " ind2=" ">
    <subfield code="c">1445</subfield>
    <subfield code="d">8945</subfield>
  </datafield>
  <datafield tag="952" ind1=" " ind2=" ">
    <subfield code="0">0</subfield>
    <subfield code="1">0</subfield>
    <subfield code="2">lcc</subfield>
    <subfield code="4">0</subfield>
    <subfield code="7">0</subfield>
    <subfield code="a">WIUC-1</subfield>
    <subfield code="b">WIUC-1</subfield>
    <subfield code="c">GEN</subfield>
    <subfield code="d">2012-06-19</subfield>
    <subfield code="l">0</subfield>
    <subfield code="o">HF5635.P853</subfield>
    <subfield code="p">3695/12</subfield>
    <subfield code="r">2012-06-19 00:00:00</subfield>
    <subfield code="t">1</subfield>
    <subfield code="w">2012-06-19</subfield>
    <subfield code="y">BK</subfield>
  </datafield>
</record>
